Normal view MARC view

Entry Topical Term

Number of records used in: 1

001 - CONTROL NUMBER

  • control field: 3887

003 - CONTROL NUMBER IDENTIFIER

  • control field: OSt

005 - DATE AND TIME OF LATEST TRANSACTION

  • control field: 20110510134154.0

008 - FIXED-LENGTH DATA ELEMENTS

  • fixed length control field: 110510|||a|||||| | ||| d

040 ## - CATALOGING SOURCE

  • Original cataloging agency: OSt
  • Transcribing agency: OSt

150 ## - HEADING--TOPICAL TERM

  • Topical term or geographic name as entry element: Droit
  • Geographic subdivision: Grande-Bretagne
  • General subdivision: Jurisprudence
  • Chronological subdivision: 19e siècle
  • General subdivision: Périodiques.

670 ## - SOURCE DATA FOUND

  • Source citation: Work cat.: (OSt)1731: The Law reports English and Irish appeal cases 1871 - 72 Vol. 5 /, 1973